| 000 | 00362nam a2200145Ia 4500 | ||
|---|---|---|---|
| 008 | 231217s9999 xx 000 0 und d | ||
| 041 | _aEnglish | ||
| 082 | _a001.6424WOR LUN | ||
| 100 | _aLund, Patsy HHayden, Barbara A | ||
| 245 | 0 | _aUnderstanding and using Wordstar 4.0 | |
| 260 |
_c1989 _bJaico |
||
| 300 | _aix+172 | ||
| 650 | _aWordstar | ||
| 942 | _cAA | ||
| 999 |
_c161165 _d161165 |
||